000 01100nam a2200241Ia 4500
003 OSt
005 20211011160751.0
008 210310s1996 ck gr 000 0 spa d
020 _a9586280314
040 _aCO-JMCR
_cCO-JMCR
041 0 _aspa
082 0 4 _a630 /
_bM678a
_223
100 1 _aMisas Arango, Gabriel,
_eautor
_928711
245 1 0 _aAgricultura y cambio técnico /
_cGabriel Misas Arango, Myriam Henao W.
260 _aBogotá :
_bUniversidad Nacional de Colombia,
_c1986.
300 _a110 páginas :
_bilustraciones y gráficas en blanco y negro ;
_c23 cm.
501 _aCon. notas a pie de página.
505 0 _aEl ciclo productivo del capital en el sector agrario. -- Ciencia, técnica y tecnología. -- Producción, precios y rendimientos en el cultivo de cereales. -- Estructura del mercado de cereales. -- Tecnología y rentabilidad. -- Obstáculos ocultos a la adopción del progreso técnico.
650 1 4 _aAgricultura
_xCambio técnico
_941092
650 2 4 _aCiclo productivo
_xCambio técnico
_941093
700 1 _aHenao W., Myriam,
_eautor
_941094
942 _2ddc
_cBK
999 _c12609
_d12609